| 000 | 01357nam0a22002891 4500 | ||
|---|---|---|---|
| 001 | rc\4493921 | ||
| 005 | 20130416172826.3 | ||
| 021 |
_aRU _b[66-27074] |
||
| 035 | _a(NLR Aleph) 008610293 | ||
| 090 |
_a8759447 _c8759447 |
||
| 100 | _a20130416d1966 |||y0rusy50 ca | ||
| 101 | 0 | _arus | |
| 102 | _aRU | ||
| 105 | _aab z ||||| | ||
| 200 | 1 |
_aГеология и условия формирования калийных месторождений Прикаспийской синеклизы и Южно-Предуральского прогиба _fМ-во геологии СССР. Всесоюз. науч.-исслед. геол. ин-т "ВСЕГЕИ" |
|
| 210 |
_aМосква _cНедра _d1966 |
||
| 215 |
_a280 с., 3 л. схем. _cил., карт. _d22 |
||
| 320 | _aБиблиогр.: с. 265-279 | ||
| 606 |
_aКалийные соли _xМесторождения _xГеология _yЮжно-Уральский прогиб _2psbo |
||
| 606 |
_aКалийные соли _xМесторождения _xГеология _yПрикаспийская впадина _2psbo |
||
| 700 | 1 |
_aКореневский _bС. М. _gСергей Михайлович |
|
| 701 | 1 |
_aВоронова _bМ. Л. _gМариана Львовна |
|
| 801 | 0 |
_aRU _bNLR _gpsbo |
|
| 801 | 1 |
_aRU _bELAR _2rusmarc |
|
| 852 |
_aNLR _j66-5/1984 |
||
| 942 | _cBOOK | ||
| 980 | _aNB | ||